| 000 | 00358nam a22001337a 4500 | ||
|---|---|---|---|
| 082 |
_a344.01 _bKHU |
||
| 100 | _aKhurram, Muhammad | ||
| 245 |
_aPardah Nasheen Lady / _cMuhammad Khurram |
||
| 260 |
_aLahore : _bAl-Shams Law Book House, _c2023. |
||
| 300 | _a440 p. | ||
| 563 | _aHB. | ||
| 650 |
_aLaw, Pardah Nasheen Lady _9128063 |
||
| 942 |
_2ddc _cBK |
||
| 999 |
_c613095 _d613095 |
||